Statistics for Vancouver Canucks Captains

Click here to take the quiz!

General Stats

  • This quiz has been taken 78 times
    (75 since last reset)
  • The average score is 7 of 14

Answer Stats

YearsAnswer% Correct
2011-18Henrik Sedin
98%
2020-CurrentBo Horvat
95%
2001-08Markus Näslund
88%
1991-97Trevor Linden
88%
2009-10Roberto Luongo
78%
1983-90Stan Smyl
77%
1998-00Mark Messier
70%
1971-74Orland Kurtenbach
45%
1991Dan Quinn
23%
1991Doug Lidster
20%
1978-79Don Lever
15%
1980-82Kevin McCarthy
15%
1977Chris Oddleifson
12%
1976Andre Boudrias
10%

Score Distribution

Percentile by Number Answered

Percent of People with Each Score

Your Score History

You have not taken this quiz since the last reset